000 00619nam a2200229Ia 4500
003 OSt
005 20220928151829.0
006 a|||||r|||| 00| 0
007 ta
008 220927b |||||||| |||| 00| 0 eng d
024 _a131730
037 _cTextual
040 _aSDCL
_cSDCL
_beng
041 _2eng
_aeng
082 _aG:68, N2.1-N2.2
100 _aMcknight Steven L
_9518315
245 0 _aTranscriptional regulation
260 _c1992
700 _a Yamamoto Keith R Ed.
_9505498
942 _hG:68, N2.1-N2.2
_cTEXL
_2CC
999 _c853165
_d853165